Géographie de l'Amérique du Sud par lettre - T - Statistiques

Statistiques générales
  • Ce quiz a été pris 84 fois
  • Le résultat moyen est 7 sur 20
Statistiques - réponses
Question Réponse % Correct
Celui du Capricorne traverse le continent Tropique
96%
Grand lac andin à la frontière entre Pérou et Bolivie Titicaca
87%
Genre musical et une danse de salon argentine et uruguayenne, dont l'instrument phare est le bandonéon Tango
68%
Mammifère ongulé de la forêt amazonienne, à peau épaisse et disposant d'une courte trompe Tapir
61%
Fécule de manioc, utilisée en soupe (mais pas dans l'armée, en dépit d'un certain Général de bande dessinée) Tapioca
48%
Qualificatif donné au commerce des esclaves, illustrant le fait que les navires reliaient trois continents avec divers "chargements" Triangulaire
47%
Grande île située à l'extrême sud du continent sud-américain, dont le Cap Horn est le point le plus méridional Terre de Feu
44%
Nom donné aux feuilletons télévisés d'Amérique latine Telenovela
42%
Mammifère recouvert d'une carapace articulée Tatou
38%
Nombre de langues officielles de la Bolivie 37
34%
Plante d'origine andine dont le fruit rouge a conquis la planète Tomate
32%
Nom du traité qui, en 1494, partagea le monde entre l'Espagne et le Portugal Traité de {Tordesillas}
19%
Lieu sacré de l'Empire inca, à Cuzco, qui a inspiré Hergé Temple du Soleil
17%
Route brésilienne longue de plus de 4000 km, qui relie le Pérou à l'Atlantique Transamazonienne
12%
Courant de pensée chrétien et mouvement socio-politique engagé contre les dictatures sud-américaines dans les années 1960 et 1970 {Théologie} de la libération
8%
Capitale de l'Etat brésilien du Piaui Teresina
5%
Fleuve et Etat du Brésil (capitale : Palmas) Tocantins
5%
Groupe d'ethnies autochtones de l'Amérique du Sud, souvent associé aux Guaranis. Tupi
4%
Sport national colombien Tejo | Turmequé
3%
Haut plateau à contours abrupts, fréquent au Vénézuela, en Colombie, au Guyana et au Brésil Tepuy
3%
Aucun quiz correspondant
Distribution des résultats
% des personnes avec chaque résultat
Percentile par nombre de réponses
Votre historique - résultats
Vous n’avez pas pris ce quiz